000
003040000a22001450004500
003
MACL
040
_a
MACL
090
_c
32163
_d
32161
100
_a
Chopra, Ravi
245
_a
Objective Type English
260
_b
Archna Publication
_c
1996
350
_a
75
650
_a
English
942
_c
BOOK
_k
420/Cho
999
_c
31836
_d
31836